000 00581nam a22001937a 4500
005 20251108170516.0
008 250721s2002 xx 000 0 ara d
082 1 4 _a346.08/جمل
100 1 _aالجمل، جمال جويدان
245 1 0 _aتشريعات مالية و مصرفية /
264 1 _aعمان :
_bدار صفاء للنشر،
_c2002.
300 _a300ص.
650 1 7 _aالقانون
650 1 7 _aالأنظمة القانونية
650 1 7 _aقانون الأعمال المصرفية
650 1 7 _aالبنوك
942 _2ddc
_cBK
999 _c42200
_d42200